Strategické plánování pro začínající podnikatele
Obchodný plán ako komunikačné a učebné médium. Obchodný plán ako prostriedok zvyšovania efektívnosti. Prístup začínajúcich podnikov k plánovaniu. Základné body, ktoré sú nevyhnutné pri plánovaní založenia podniku.
Salvato in:
| Natura: | Capitolo di libro |
|---|---|
| Lingua: | ceco |
| Soggetti: | |
| Tags: |
Nessun Tag, puoi essere il primo ad aggiungerne!!
|
MARC
| LEADER | 00000naa$a2200000$$$4500 | ||
|---|---|---|---|
| 001 | 0020384 | ||
| 005 | 20231106121719.3 | ||
| 041 | 0 | |a cze | |
| 044 | |a CZ | ||
| 245 | 1 | 0 | |a Strategické plánování pro začínající podnikatele |
| 520 | |a Obchodný plán ako komunikačné a učebné médium. Obchodný plán ako prostriedok zvyšovania efektívnosti. Prístup začínajúcich podnikov k plánovaniu. Základné body, ktoré sú nevyhnutné pri plánovaní založenia podniku. | ||
| 610 | 2 | 0 | |a podnik |
| 610 | 2 | 0 | |a plánovanie podnikové |
| 610 | 2 | 0 | |a plánovanie strategické |
| 610 | 2 | 0 | |a podnikatelia |
| 610 | 2 | 0 | |a plán finančný |
| 610 | 2 | 0 | |a technológia |